Открываем законы физики. Механика

Detalhes bibliográficos
Autor principal: Генденштейн Л. Э. Лев Элевич
Outros Autores: Курдюмов М. Л. Михаил Леонидович, Вишневский Е. И. Евгений Ильич
Resumo:Знакомьтесь, герои книги - компания фантазёров и критиков: Фант, Азор, Крит и Тик, вместе с читателями задают себе вопросы, а при помощи нехитрых экспериментов и опытов находят на них ответы и заново открывают для себя сложные законы физики, изученные великими учёными прошлого. Механика в этой книге предстает простой, понятной и очень логичной наукой. "Открываем законы физики. Механика" не учебник и не справочник в привычном понимании. Отчасти книга напоминает комикс, но лишь по исполнению, а по содержанию это вполне научное пособие, облегчающее понимание непростых физических законов. Четыре причины прочитать эту книгу: 1.Автор книги - кандидат физико-математических наук, учитель-методист высочайшей квалификации с тридцатилетним опытом преподавания детям. 2.Подробные и точные иллюстрации изображают все описываемые в книге эксперименты и опыты. 3.Не просто сухая физика, а пример для вдохновения - будь любознательным, открывай, изобретай, исследуй. 4.Альтернативное подспорье для изучения физики. Вместо одних сухих формул и схем - увлекательные истории о весёлых исследователях и их удивительных открытиях.
Idioma:russo
Publicado em: Москва, Мир, 1991
Assuntos:
Formato: MixedMaterials Livro
KOHA link:https://koha.lib.tpu.ru/cgi-bin/koha/opac-detail.pl?biblionumber=137861

MARC

LEADER 00000nam0a2200000 4500
001 137861
005 20231031141217.0
010 |a 50300229443 
035 |a (RuTPU)RU\TPU\book\149395 
090 |a 137861 
100 |a 20080516d1991 m y0rusy50 ca 
101 0 |a rus 
102 |a RU 
105 |a a z 000zy 
200 1 |a Открываем законы физики. Механика  |f Л. Э. Генденштейн, М. Л. Курдюмов, Е. И. Вишневский 
210 |a Москва  |c Мир  |d 1991 
215 |a 265 с.  |c цв. ил. 
330 |a Знакомьтесь, герои книги - компания фантазёров и критиков: Фант, Азор, Крит и Тик, вместе с читателями задают себе вопросы, а при помощи нехитрых экспериментов и опытов находят на них ответы и заново открывают для себя сложные законы физики, изученные великими учёными прошлого. Механика в этой книге предстает простой, понятной и очень логичной наукой. "Открываем законы физики. Механика" не учебник и не справочник в привычном понимании. Отчасти книга напоминает комикс, но лишь по исполнению, а по содержанию это вполне научное пособие, облегчающее понимание непростых физических законов. Четыре причины прочитать эту книгу: 1.Автор книги - кандидат физико-математических наук, учитель-методист высочайшей квалификации с тридцатилетним опытом преподавания детям. 2.Подробные и точные иллюстрации изображают все описываемые в книге эксперименты и опыты. 3.Не просто сухая физика, а пример для вдохновения - будь любознательным, открывай, изобретай, исследуй. 4.Альтернативное подспорье для изучения физики. Вместо одних сухих формул и схем - увлекательные истории о весёлых исследователях и их удивительных открытиях. 
610 1 |a физика 
610 1 |a механика 
610 1 |a равновесие 
610 1 |a силы 
610 1 |a законы Ньютона 
610 1 |a тяготение 
610 1 |a работа 
610 1 |a энергия 
610 1 |a столкновения 
675 |a 531/534  |v 3 
700 1 |a Генденштейн  |b Л. Э.  |g Лев Элевич 
701 1 |a Курдюмов  |b М. Л.  |g Михаил Леонидович 
701 1 |a Вишневский  |b Е. И.  |g Евгений Ильич 
801 1 |a RU  |b 63413507  |c 20080516  |g PSBO 
801 2 |a RU  |b 63413507  |c 20180625  |g PSBO 
942 |c BK